[Event "blitmenteam"]
[Site "?"]
[Date "2016.10.07"]
[Round "3.20"]
[White "Potapov, Alexander"]
[Black "Ivlev, Aleksey"]
[Result "0-1"]
[LiveChessVersion "1.4.4"]
[BlackElo "2331"]
[WhiteElo "2381"]

1. d4 {[%clk 0:03:03]} d5 {[%clk 0:03:03]} 2. c4 {[%clk 0:03:04]} c6
{[%clk 0:03:05]} 3. Nc3 {[%clk 0:03:05]} Nf6 {[%clk 0:03:06]} 4. Bf4
{[%clk 0:03:06]} e6 {[%clk 0:02:54]} 5. e3 {[%clk 0:03:07]} Bd6 {[%clk 0:02:45]}
6. Bg5 {[%clk 0:03:08]} Nbd7 {[%clk 0:02:44]} 7. Nf3 {[%clk 0:03:09]} h6
{[%clk 0:02:45]} 8. Bh4 {[%clk 0:03:11]} O-O {[%clk 0:02:42]} 9. Bd3
{[%clk 0:03:12]} a6 {[%clk 0:02:29]} 10. O-O {[%clk 0:03:03]} b5 {[%clk 0:02:30]}
11. b3 {[%clk 0:02:59]} Bb7 {[%clk 0:02:23]} 12. Qc2 {[%clk 0:02:54]} bxc4
{[%clk 0:02:12]} 13. bxc4 {[%clk 0:02:55]} c5 {[%clk 0:02:13]} 14. cxd5
{[%clk 0:02:55]} exd5 {[%clk 0:02:12]} 15. Rab1 {[%clk 0:02:42]} Qc7
{[%clk 0:02:09]} 16. dxc5 {[%clk 0:02:35]} Nxc5 {[%clk 0:02:09]} 17. Na4
{[%clk 0:02:32]} Nfd7 {[%clk 0:01:49]} 18. Nxc5 {[%clk 0:02:28]} Nxc5
{[%clk 0:01:47]} 19. Bg3 {[%clk 0:02:23]} Bxg3 {[%clk 0:01:36]} 20. hxg3
{[%clk 0:02:24]} Qd6 {[%clk 0:01:26]} 21. Nd4 {[%clk 0:01:59]} Rac8
{[%clk 0:01:24]} 22. Bf5 {[%clk 0:01:49]} Rc7 {[%clk 0:01:24]} 23. Qb2
{[%clk 0:01:47]} Ba8 {[%clk 0:01:21]} 24. Qb6 {[%clk 0:01:45]} Qe7
{[%clk 0:01:06]} 25. Rfc1 {[%clk 0:01:42]} g6 {[%clk 0:01:03]} 26. Bg4
{[%clk 0:01:35]} h5 {[%clk 0:01:03]} 27. Bf3 {[%clk 0:01:35]} Rfc8
{[%clk 0:01:03]} 28. Rf1 {[%clk 0:01:16]} Kg7 {[%clk 0:01:02]} 29. Qa5
{[%clk 0:01:16]} Ne6 {[%clk 0:00:40]} 30. Qd2 {[%clk 0:01:10]} Nxd4
{[%clk 0:00:37]} 31. Qxd4+ {[%clk 0:01:12]} Qf6 {[%clk 0:00:37]} 32. Qxf6+
{[%clk 0:01:06]} Kxf6 {[%clk 0:00:38]} 33. Rb6+ {[%clk 0:01:07]} Rc6
{[%clk 0:00:38]} 34. Rfb1 {[%clk 0:01:08]} Ke5 {[%clk 0:00:37]} 35. Rxc6
{[%clk 0:00:54]} Bxc6 {[%clk 0:00:37]} 36. Rb4 {[%clk 0:00:52]} Bb5
{[%clk 0:00:36]} 37. a4 {[%clk 0:00:49]} Rc4 {[%clk 0:00:36]} 38. Rxc4
{[%clk 0:00:40]} Bxc4 {[%clk 0:00:36]} 39. a5 {[%clk 0:00:37]} d4
{[%clk 0:00:36]} 40. exd4+ {[%clk 0:00:34]} Kxd4 {[%clk 0:00:37]} 41. g4
{[%clk 0:00:28]} hxg4 {[%clk 0:00:37]} 42. Bxg4 {[%clk 0:00:30]} Kc5
{[%clk 0:00:38]} 43. f4 {[%clk 0:00:30]} Kb4 {[%clk 0:00:39]} 44. Kf2
{[%clk 0:00:31]} Kxa5 45. Ke3 Kb4 {[%clk 0:00:41]} 46. Kd2 {[%clk 0:00:33]} a5
{[%clk 0:00:38]} 47. Bd7 {[%clk 0:00:30]} a4 {[%clk 0:00:38]} 48. Kc2
{[%clk 0:00:29]} a3 {[%clk 0:00:39]} 49. g4 {[%clk 0:00:27]} Be6 {[%clk 0:00:37]}
50. Be8 {[%clk 0:00:27]} Bxg4 {[%clk 0:00:23]} 51. Bxf7 {[%clk 0:00:28]} Bf5+
{[%clk 0:00:25]} 52. Kc1 {[%clk 0:00:27]} Kc3 {[%clk 0:00:24]} 53. Bg8
{[%clk 0:00:18]} Bd3 {[%clk 0:00:14]} 54. Ba2 {[%clk 0:00:14]} Bc4
{[%clk 0:00:13]} 55. Kb1 {[%clk 0:00:06]} Bxa2+ {[%clk 0:00:11]} 56. Kxa2 Kd4 57.
Kxa3 {[%clk 0:00:07]} Ke3 {[%clk 0:00:14]} 0-1

[Event "blitmenteam"]
[Site "?"]
[Date "2016.10.07"]
[Round "4.1"]
[White "Savchenko, Boris"]
[Black "Ponkratov, Pavel"]
[Result "0-1"]
[LiveChessVersion "1.4.4"]
[BlackElo "2679"]
[WhiteElo "2626"]

1. e4 {[%clk 0:03:03]} e5 {[%clk 0:03:04]} 2. Nf3 {[%clk 0:03:03]} Nc6
{[%clk 0:03:05]} 3. Bb5 {[%clk 0:03:01]} a6 {[%clk 0:03:06]} 4. Ba4
{[%clk 0:03:02]} Nf6 {[%clk 0:03:07]} 5. O-O {[%clk 0:03:02]} Be7
{[%clk 0:03:09]} 6. Re1 {[%clk 0:03:03]} b5 {[%clk 0:03:10]} 7. Bb3
{[%clk 0:03:04]} O-O {[%clk 0:03:10]} 8. d3 {[%clk 0:03:01]} Bb7 {[%clk 0:03:04]}
9. a4 {[%clk 0:02:59]} d6 {[%clk 0:03:00]} 10. Nc3 {[%clk 0:02:57]} Na5
{[%clk 0:02:45]} 11. Ba2 {[%clk 0:02:46]} b4 {[%clk 0:02:46]} 12. Nb1
{[%clk 0:02:48]} Bc8 {[%clk 0:02:30]} 13. Bg5 {[%clk 0:02:44]} Be6
{[%clk 0:02:22]} 14. Bxe6 {[%clk 0:02:41]} fxe6 {[%clk 0:02:23]} 15. d4
{[%clk 0:02:30]} exd4 {[%clk 0:02:14]} 16. Qxd4 {[%clk 0:02:29]} h6
{[%clk 0:01:51]} 17. Bxf6 {[%clk 0:01:57]} Bxf6 {[%clk 0:01:53]} 18. Qxb4
{[%clk 0:01:58]} c5 {[%clk 0:01:54]} 19. Qa3 {[%clk 0:01:56]} Rb8
{[%clk 0:01:52]} 20. c3 {[%clk 0:01:56]} Qb6 {[%clk 0:01:28]} 21. Re2
{[%clk 0:01:46]} Nb3 {[%clk 0:01:28]} 22. Ra2 {[%clk 0:01:45]} Nc1
{[%clk 0:01:29]} 23. Rc2 {[%clk 0:01:41]} Nxa2 {[%clk 0:01:29]} 24. Qxa2
{[%clk 0:01:42]} Qb3 {[%clk 0:01:29]} 25. Qxb3 Rxb3 {[%clk 0:01:30]} 26. Nbd2
{[%clk 0:01:44]} Rb7 {[%clk 0:01:31]} 27. e5 {[%clk 0:01:35]} Bxe5
{[%clk 0:01:26]} 28. Nxe5 {[%clk 0:01:33]} dxe5 {[%clk 0:01:28]} 29. g3
{[%clk 0:01:32]} Rd8 {[%clk 0:01:11]} 30. Kf1 {[%clk 0:01:33]} Kf7
{[%clk 0:00:59]} 31. Ke2 {[%clk 0:01:34]} Ke7 {[%clk 0:00:59]} 32. f3
{[%clk 0:01:31]} Rdb8 {[%clk 0:00:41]} 33. Nc4 {[%clk 0:01:31]} e4
{[%clk 0:00:43]} 34. fxe4 {[%clk 0:01:16]} Rf8 {[%clk 0:00:44]} 35. Ne5
{[%clk 0:01:14]} Kd6 {[%clk 0:00:41]} 36. Nc4+ {[%clk 0:01:12]} Kc7
{[%clk 0:00:42]} 37. h4 {[%clk 0:01:01]} Rf6 {[%clk 0:00:41]} 38. Ne5
{[%clk 0:00:59]} Rb8 {[%clk 0:00:38]} 39. Nd3 {[%clk 0:00:56]} Kb6
{[%clk 0:00:31]} 40. Ne5 {[%clk 0:00:48]} Rd8 {[%clk 0:00:31]} 41. Nc4+
{[%clk 0:00:48]} Kc7 {[%clk 0:00:32]} 42. Ne5 {[%clk 0:00:42]} Rdf8
{[%clk 0:00:33]} 43. Ke3 {[%clk 0:00:41]} Rf1 {[%clk 0:00:32]} 44. Re2
{[%clk 0:00:37]} Rg1 {[%clk 0:00:31]} 45. g4 {[%clk 0:00:37]} Rg3+
{[%clk 0:00:31]} 46. Kd2 {[%clk 0:00:38]} Rf4 {[%clk 0:00:30]} 47. h5
{[%clk 0:00:34]} Rg1 {[%clk 0:00:29]} 48. Kd3 {[%clk 0:00:32]} Ra1
{[%clk 0:00:27]} 49. b3 {[%clk 0:00:32]} Rd1+ {[%clk 0:00:26]} 50. Kc4
{[%clk 0:00:32]} Kd6 {[%clk 0:00:22]} 51. Nd3 {[%clk 0:00:31]} Rxg4
{[%clk 0:00:14]} 52. Nxc5 {[%clk 0:00:32]} Rh1 {[%clk 0:00:08]} 53. Nxa6
{[%clk 0:00:27]} Rxh5 {[%clk 0:00:09]} 54. b4 {[%clk 0:00:28]} Rh3
{[%clk 0:00:08]} 55. Nc5 {[%clk 0:00:27]} Rgg3 {[%clk 0:00:09]} 56. e5+
{[%clk 0:00:27]} Kc6 {[%clk 0:00:09]} 57. b5+ {[%clk 0:00:28]} Kb6
{[%clk 0:00:11]} 58. Kb4 {[%clk 0:00:28]} Rxc3 {[%clk 0:00:10]} 59. a5+
{[%clk 0:00:29]} Kc7 {[%clk 0:00:12]} 60. Nxe6+ {[%clk 0:00:27]} Kb8
{[%clk 0:00:11]} 61. a6 {[%clk 0:00:27]} Rce3 {[%clk 0:00:08]} 62. Rf2
{[%clk 0:00:22]} Kc8 {[%clk 0:00:07]} 63. a7 {[%clk 0:00:22]} Ra3
{[%clk 0:00:08]} 64. b6 {[%clk 0:00:22]} Kb7 {[%clk 0:00:08]} 65. Rf8
{[%clk 0:00:22]} Rhb3+ {[%clk 0:00:08]} 66. Kc5 {[%clk 0:00:21]} Rc3+
{[%clk 0:00:09]} 67. Kd6 {[%clk 0:00:19]} Rc6+ {[%clk 0:00:10]} 68. Kd5
{[%clk 0:00:12]} Ra5+ {[%clk 0:00:12]} 69. Kd4 {[%clk 0:00:11]} Rxb6
{[%clk 0:00:13]} 70. a8=Q+ {[%clk 0:00:06]} Rxa8 {[%clk 0:00:12]} 71. Nc5+
{[%clk 0:00:07]} Kc6 {[%clk 0:00:13]} 72. Rxa8 {[%clk 0:00:07]} Rb4+
{[%clk 0:00:13]} 73. Kc3 {[%clk 0:00:08]} Rg4 {[%clk 0:00:14]} 74. Rc8+
{[%clk 0:00:07]} Kd5 {[%clk 0:00:15]} 75. e6 {[%clk 0:00:09]} Rg3+
{[%clk 0:00:17]} 76. Kd2 {[%clk 0:00:10]} Rg2+ {[%clk 0:00:18]} 77. Ke1
{[%clk 0:00:11]} Rg5 {[%clk 0:00:17]} 78. Kf2 {[%clk 0:00:10]} Re5
{[%clk 0:00:18]} 79. Kg3 {[%clk 0:00:11]} h5 {[%clk 0:00:18]} 80. Kh4
{[%clk 0:00:12]} g6 {[%clk 0:00:19]} 81. Kg3 {[%clk 0:00:10]} Kd6
{[%clk 0:00:18]} 82. Kh4 {[%clk 0:00:10]} Kd5 {[%clk 0:00:18]} 83. Kg3
{[%clk 0:00:07]} g5 {[%clk 0:00:18]} 84. Kf3 {[%clk 0:00:07]} Kd6
{[%clk 0:00:19]} 85. Kf2 {[%clk 0:00:07]} Rf5+ {[%clk 0:00:16]} 86. Ke3
{[%clk 0:00:08]} Re5+ {[%clk 0:00:17]} 87. Kd4 {[%clk 0:00:09]} Rd5+
{[%clk 0:00:19]} 88. Kc4 {[%clk 0:00:11]} Re5 {[%clk 0:00:20]} 89. Rd8+
{[%clk 0:00:12]} Kc6 {[%clk 0:00:20]} 90. Kd4 {[%clk 0:00:13]} Re1
{[%clk 0:00:19]} 91. Rg8 {[%clk 0:00:09]} Rd1+ {[%clk 0:00:16]} 92. Ke5
{[%clk 0:00:09]} Kxc5 {[%clk 0:00:15]} 93. Rc8+ {[%clk 0:00:10]} Kb6
{[%clk 0:00:16]} 94. e7 {[%clk 0:00:12]} Re1+ {[%clk 0:00:16]} 95. Kf6
{[%clk 0:00:12]} g4 {[%clk 0:00:17]} 96. e8=Q {[%clk 0:00:12]} Rxe8
{[%clk 0:00:19]} 97. Rxe8 {[%clk 0:00:13]} g3 {[%clk 0:00:20]} 98. Rg8
{[%clk 0:00:14]} h4 {[%clk 0:00:21]} 99. Kf5 {[%clk 0:00:15]} Kc5
{[%clk 0:00:17]} 100. Ke4 Kd5+ {[%clk 0:03:02]} 0-1

[Event "blitmenteam"]
[Site "?"]
[Date "2016.10.07"]
[Round "4.2"]
[White "Khismatullin, Denis"]
[Black "Bocharov, Dmitry"]
[Result "1/2-1/2"]
[LiveChessVersion "1.4.4"]
[BlackElo "2660"]
[WhiteElo "2604"]

1. d4 {[%clk 0:03:03]} Nf6 {[%clk 0:03:03]} 2. c4 {[%clk 0:03:04]} e6
{[%clk 0:03:04]} 3. Nf3 {[%clk 0:03:00]} b6 {[%clk 0:02:57]} 4. e3
{[%clk 0:03:01]} Bb7 {[%clk 0:02:56]} 5. Bd3 {[%clk 0:03:00]} d5 {[%clk 0:02:57]}
6. O-O {[%clk 0:02:57]} dxc4 {[%clk 0:02:57]} 7. Bxc4 {[%clk 0:02:58]} Nbd7
{[%clk 0:02:57]} 8. Qe2 {[%clk 0:02:57]} a6 9. a4 {[%clk 0:02:57]} c5
{[%clk 0:02:52]} 10. Nc3 {[%clk 0:02:50]} Be7 {[%clk 0:02:34]} 11. Rd1
{[%clk 0:02:44]} O-O {[%clk 0:02:29]} 12. e4 {[%clk 0:02:31]} cxd4 13. Nxd4
{[%clk 0:02:32]} Qc7 {[%clk 0:02:10]} 14. Bg5 {[%clk 0:01:59]} Ne5
{[%clk 0:01:46]} 15. Bxe6 {[%clk 0:01:26]} fxe6 {[%clk 0:01:31]} 16. Nxe6
{[%clk 0:01:27]} Qc4 {[%clk 0:01:04]} 17. Qxc4 {[%clk 0:01:07]} Nxc4
{[%clk 0:01:05]} 18. Nxf8 {[%clk 0:01:07]} Rxf8 {[%clk 0:00:45]} 19. b3
{[%clk 0:01:07]} Ne5 {[%clk 0:00:43]} 20. f3 {[%clk 0:00:43]} Bb4
{[%clk 0:00:36]} 21. Ne2 {[%clk 0:00:27]} Bc5+ {[%clk 0:00:31]} 22. Nd4
{[%clk 0:00:26]} Rd8 {[%clk 0:00:19]} 23. Be3 {[%clk 0:00:27]} Neg4
{[%clk 0:00:12]} 24. fxg4 {[%clk 0:00:11]} Nxg4 {[%clk 0:00:12]} 25. b4
{[%clk 0:00:08]} Nxe3 {[%clk 0:00:12]} 26. bxc5 {[%clk 0:00:09]} Nxd1
{[%clk 0:00:13]} 27. c6 {[%clk 0:00:06]} Bxc6 {[%clk 0:00:08]} 28. Nxc6
{[%clk 0:00:07]} Rd2 {[%clk 0:00:09]} 29. Ne7+ {[%clk 0:00:04]} Kf7
{[%clk 0:00:07]} 30. Nd5 {[%clk 0:00:05]} Ke6 {[%clk 0:00:06]} 31. h3
{[%clk 0:00:04]} Ke5 {[%clk 0:00:07]} 32. Rb1 {[%clk 0:00:05]} Kxe4
{[%clk 0:00:06]} 33. Nxb6 {[%clk 0:00:06]} Ne3 {[%clk 0:00:06]} 34. Rb4+
{[%clk 0:00:06]} Kd3 {[%clk 0:00:06]} 35. Rb3+ {[%clk 0:00:07]} Ke4
{[%clk 0:00:06]} 36. Rb4+ {[%clk 0:00:08]} Ke5 {[%clk 0:00:06]} 37. Nc4+
{[%clk 0:00:09]} Nxc4 {[%clk 0:00:06]} 38. Rxc4 {[%clk 0:00:10]} Rd4
{[%clk 0:00:05]} 39. Rc5+ {[%clk 0:00:10]} Ke6 {[%clk 0:00:05]} 40. Ra5
{[%clk 0:00:11]} Rd6 {[%clk 0:00:06]} 41. Kf2 {[%clk 0:00:12]} Kf6
{[%clk 0:00:07]} 42. Ke3 {[%clk 0:00:14]} g6 {[%clk 0:00:08]} 43. g4
{[%clk 0:00:15]} h6 {[%clk 0:00:09]} 44. h4 {[%clk 0:00:16]} Rb6 {[%clk 0:00:10]}
45. g5+ {[%clk 0:00:16]} hxg5 {[%clk 0:00:11]} 46. hxg5+ {[%clk 0:00:17]} Ke6
{[%clk 0:00:12]} 47. Ke4 {[%clk 0:00:16]} Rb4+ {[%clk 0:00:13]} 48. Kd3
{[%clk 0:00:17]} Rb6 {[%clk 0:00:14]} 49. Kc4 {[%clk 0:00:17]} Kd6
{[%clk 0:00:14]} 50. Kd4 {[%clk 0:00:13]} Rb4+ {[%clk 0:00:15]} 51. Kc3
{[%clk 0:00:14]} Rb6 {[%clk 0:00:16]} 52. Kc4 {[%clk 0:00:15]} Rc6+
{[%clk 0:00:16]} 53. Kd4 {[%clk 0:00:14]} Rb6 {[%clk 0:00:17]} 54. Kc4
{[%clk 0:00:10]} Rc6+ {[%clk 0:00:18]} 55. Kd4 {[%clk 0:00:10]} Rb6
{[%clk 0:00:20]} 56. Rd5+ {[%clk 0:00:10]} Ke6 {[%clk 0:00:21]} 57. Ra5
{[%clk 0:00:10]} Kd6 {[%clk 0:00:22]} 58. Kc3 {[%clk 0:00:08]} Rc6+
{[%clk 0:00:23]} 59. Kd4 {[%clk 0:00:09]} Rb6 {[%clk 0:00:24]} 60. Kc4
{[%clk 0:00:07]} Ke5 1/2-1/2

[Event "blitmenteam"]
[Site "?"]
[Date "2016.10.07"]
[Round "4.3"]
[White "Evdokimov, Alexander A."]
[Black "Pridorozhni, Aleksei"]
[Result "1/2-1/2"]
[LiveChessVersion "1.4.4"]
[BlackElo "2611"]
[WhiteElo "2524"]

1. d4 {[%clk 0:03:03]} d6 {[%clk 0:03:04]} 2. Nf3 {[%clk 0:03:04]} Bg4
{[%clk 0:03:04]} 3. c4 {[%clk 0:03:03]} Nd7 {[%clk 0:03:05]} 4. Nc3
{[%clk 0:03:02]} Ngf6 {[%clk 0:03:06]} 5. g3 {[%clk 0:03:01]} e5 {[%clk 0:03:06]}
6. Bg2 {[%clk 0:02:58]} c6 {[%clk 0:03:07]} 7. O-O {[%clk 0:02:53]} Be7
{[%clk 0:03:09]} 8. h3 {[%clk 0:02:52]} Bh5 {[%clk 0:03:10]} 9. Nh4
{[%clk 0:02:49]} O-O {[%clk 0:03:06]} 10. Nf5 {[%clk 0:02:37]} Bg6
{[%clk 0:03:05]} 11. Nxe7+ {[%clk 0:02:35]} Qxe7 {[%clk 0:03:06]} 12. b3
{[%clk 0:02:34]} Rfd8 {[%clk 0:03:05]} 13. Ba3 {[%clk 0:02:34]} e4
{[%clk 0:02:51]} 14. Qd2 {[%clk 0:02:29]} Qe6 {[%clk 0:02:42]} 15. d5
{[%clk 0:02:02]} cxd5 {[%clk 0:02:42]} 16. cxd5 {[%clk 0:02:03]} Qe7
{[%clk 0:02:31]} 17. Rfd1 {[%clk 0:01:53]} a6 {[%clk 0:02:23]} 18. Rac1
{[%clk 0:01:53]} h5 {[%clk 0:02:21]} 19. Qf4 {[%clk 0:01:50]} Nc5
{[%clk 0:02:09]} 20. Bxc5 {[%clk 0:01:40]} dxc5 {[%clk 0:02:09]} 21. d6
{[%clk 0:01:42]} Qe6 {[%clk 0:02:09]} 22. Na4 {[%clk 0:01:43]} Nd5
{[%clk 0:02:00]} 23. Rxd5 {[%clk 0:01:37]} Qxd5 24. Nb6 {[%clk 0:01:39]} Qc6
{[%clk 0:01:56]} 25. Nxa8 Rxa8 {[%clk 0:01:57]} 26. Qe5 {[%clk 0:01:30]} Rd8
{[%clk 0:01:55]} 27. Rd1 {[%clk 0:01:31]} Kh7 {[%clk 0:01:45]} 28. Kh2
{[%clk 0:01:20]} b5 {[%clk 0:01:45]} 29. f4 {[%clk 0:01:16]} exf3
{[%clk 0:01:38]} 30. Bxf3 {[%clk 0:01:06]} Qe8 {[%clk 0:01:39]} 31. Qxe8
{[%clk 0:00:31]} Rxe8 {[%clk 0:01:40]} 32. d7 {[%clk 0:00:32]} Rd8
{[%clk 0:01:41]} 33. Bb7 {[%clk 0:00:30]} c4 {[%clk 0:01:33]} 34. Bxa6
{[%clk 0:00:22]} cxb3 {[%clk 0:01:27]} 35. axb3 {[%clk 0:00:23]} b4
{[%clk 0:01:18]} 36. Rd4 {[%clk 0:00:23]} Bf5 {[%clk 0:01:17]} 37. Bb5
{[%clk 0:00:24]} Kg6 {[%clk 0:01:14]} 38. Rxb4 {[%clk 0:00:25]} Kf6
{[%clk 0:01:14]} 39. Rd4 {[%clk 0:00:27]} Ke7 {[%clk 0:01:13]} 40. Kg2
{[%clk 0:00:27]} Rb8 {[%clk 0:01:12]} 41. Bc4 {[%clk 0:00:27]} Bxd7
{[%clk 0:01:12]} 42. Bxf7 {[%clk 0:00:27]} Bxh3+ {[%clk 0:01:02]} 43. Kxh3
{[%clk 0:00:29]} Kxf7 {[%clk 0:01:03]} 44. b4 {[%clk 0:00:30]} g5
{[%clk 0:01:02]} 45. Rc4 {[%clk 0:00:31]} Rd8 {[%clk 0:01:01]} 46. b5
{[%clk 0:00:32]} Rd2 {[%clk 0:00:54]} 47. e4 {[%clk 0:00:21]} Kf6
{[%clk 0:00:47]} 48. Rc6+ {[%clk 0:00:18]} Ke5 {[%clk 0:00:48]} 49. Rc5+
{[%clk 0:00:20]} Kf6 {[%clk 0:00:49]} 50. Rc6+ {[%clk 0:00:21]} Ke5 51. Rc5+ Kf6
{[%clk 0:00:51]} 52. g4 {[%clk 0:00:20]} Rd3+ {[%clk 0:00:51]} 53. Kg2
{[%clk 0:00:22]} hxg4 {[%clk 0:00:52]} 54. b6 {[%clk 0:00:22]} Rb3
{[%clk 0:00:53]} 55. Rc6+ {[%clk 0:00:19]} Ke5 {[%clk 0:00:54]} 56. Rg6
{[%clk 0:00:19]} Kf4 {[%clk 0:00:55]} 57. Rf6+ {[%clk 0:00:20]} Kxe4
{[%clk 0:00:55]} 58. Rg6 {[%clk 0:00:21]} Kf5 {[%clk 0:00:57]} 59. Rc6
{[%clk 0:00:22]} g3 {[%clk 0:00:57]} 60. Rd6 {[%clk 0:00:22]} Kg4 61. Rd4+ Kh5
{[%clk 0:00:59]} 62. Rd6 {[%clk 0:00:24]} Kh4 {[%clk 0:01:00]} 63. Rh6+
{[%clk 0:00:25]} Kg4 {[%clk 0:01:01]} 64. Rf6 {[%clk 0:00:26]} Rb2+
{[%clk 0:01:02]} 65. Kg1 {[%clk 0:00:28]} Kh5 {[%clk 0:00:53]} 66. Rc6
{[%clk 0:00:28]} g4 {[%clk 0:00:53]} 67. Rd6 {[%clk 0:00:30]} Kh4
{[%clk 0:00:52]} 68. Rh6+ {[%clk 0:00:31]} Kg5 {[%clk 0:00:53]} 69. Rc6
{[%clk 0:00:32]} g2 {[%clk 0:00:54]} 70. Rd6 {[%clk 0:00:27]} Kh4
{[%clk 0:00:55]} 71. Rd3 {[%clk 0:00:25]} Rxb6 {[%clk 0:00:49]} 72. Kxg2
{[%clk 0:00:26]} Rb2+ {[%clk 0:00:49]} 73. Kg1 {[%clk 0:00:27]} Re2
{[%clk 0:00:49]} 74. Rc3 {[%clk 0:00:29]} Re4 {[%clk 0:00:49]} 75. Rd3
{[%clk 0:00:30]} Rf4 {[%clk 0:00:49]} 76. Rc3 {[%clk 0:00:31]} Rf3
{[%clk 0:00:50]} 77. Rxf3 {[%clk 0:00:30]} gxf3 {[%clk 0:00:51]} 78. Kf2
{[%clk 0:00:26]} Kg4 {[%clk 0:00:52]} 79. Kf1 {[%clk 0:00:26]} Kg3
{[%clk 0:00:52]} 80. Kg1 {[%clk 0:00:27]} f2+ {[%clk 0:00:54]} 81. Kf1
{[%clk 0:00:29]} Kh2 {[%clk 0:00:55]} 82. Kxf2 1/2-1/2

[Event "blitmenteam"]
[Site "?"]
[Date "2016.10.07"]
[Round "4.4"]
[White "Bologan, Victor"]
[Black "Zablotsky, Sergei"]
[Result "0-1"]
[LiveChessVersion "1.4.4"]
[BlackElo "2519"]
[WhiteElo "2601"]

1. e4 {[%clk 0:03:03]} d6 {[%clk 0:03:02]} 2. d4 {[%clk 0:03:03]} Nf6
{[%clk 0:03:03]} 3. Bd3 {[%clk 0:03:04]} e5 {[%clk 0:03:03]} 4. c3
{[%clk 0:03:05]} Nc6 {[%clk 0:03:02]} 5. d5 {[%clk 0:03:00]} Ne7 {[%clk 0:03:01]}
6. c4 {[%clk 0:03:01]} Ng6 {[%clk 0:03:00]} 7. g3 {[%clk 0:03:00]} Be7
{[%clk 0:02:59]} 8. Nc3 {[%clk 0:03:01]} O-O {[%clk 0:02:58]} 9. h4
{[%clk 0:03:02]} Nd7 {[%clk 0:02:25]} 10. h5 {[%clk 0:02:44]} Nh8
{[%clk 0:02:26]} 11. Be3 {[%clk 0:02:21]} Bg5 {[%clk 0:02:22]} 12. Qd2
{[%clk 0:02:13]} Bxe3 {[%clk 0:02:17]} 13. Qxe3 {[%clk 0:02:14]} Nc5
{[%clk 0:02:10]} 14. Bc2 {[%clk 0:02:05]} a5 {[%clk 0:02:11]} 15. f4
{[%clk 0:02:00]} Re8 {[%clk 0:01:14]} 16. O-O-O {[%clk 0:01:53]} h6
{[%clk 0:01:01]} 17. fxe5 {[%clk 0:01:19]} Rxe5 {[%clk 0:00:56]} 18. Nf3
{[%clk 0:01:19]} Re8 {[%clk 0:00:37]} 19. Qf4 {[%clk 0:01:02]} Nd7
{[%clk 0:00:34]} 20. g4 {[%clk 0:01:01]} Ne5 {[%clk 0:00:32]} 21. Nxe5
{[%clk 0:00:54]} Rxe5 {[%clk 0:00:32]} 22. Kb1 {[%clk 0:00:52]} Bd7
{[%clk 0:00:30]} 23. Rhg1 {[%clk 0:00:52]} Qg5 {[%clk 0:00:30]} 24. Qf3
{[%clk 0:00:50]} f6 {[%clk 0:00:27]} 25. Ne2 {[%clk 0:00:48]} Nf7
{[%clk 0:00:28]} 26. Nd4 {[%clk 0:00:45]} Ree8 {[%clk 0:00:24]} 27. Nf5
{[%clk 0:00:45]} Ne5 {[%clk 0:00:24]} 28. Qe2 {[%clk 0:00:46]} Reb8
{[%clk 0:00:18]} 29. Ne7+ {[%clk 0:00:27]} Kh8 {[%clk 0:00:18]} 30. Nf5
{[%clk 0:00:27]} b5 {[%clk 0:00:16]} 31. c5 {[%clk 0:00:27]} dxc5
{[%clk 0:00:15]} 32. Qf2 {[%clk 0:00:27]} c4 {[%clk 0:00:15]} 33. Qc5
{[%clk 0:00:27]} Rb7 {[%clk 0:00:15]} 34. d6 {[%clk 0:00:19]} c6 {[%clk 0:00:16]}
35. Rdf1 {[%clk 0:00:15]} b4 {[%clk 0:00:17]} 36. Ba4 {[%clk 0:00:14]} c3
{[%clk 0:00:16]} 37. Rd1 {[%clk 0:00:12]} cxb2 {[%clk 0:00:15]} 38. Kxb2
{[%clk 0:00:11]} Qf4 {[%clk 0:00:15]} 39. Qd4 {[%clk 0:00:11]} c5
{[%clk 0:00:15]} 40. Qd5 {[%clk 0:00:13]} Rab8 41. Rgf1 Qxg4 {[%clk 0:00:08]} 42.
Rg1 {[%clk 0:00:14]} Qe2+ {[%clk 0:00:08]} 43. Ka1 {[%clk 0:00:13]} Bxa4
{[%clk 0:00:09]} 44. Rd2 {[%clk 0:00:11]} Qc4 {[%clk 0:00:09]} 45. d7
{[%clk 0:00:10]} Qxd5 46. Rxd5 {[%clk 0:00:11]} Rxd7 {[%clk 0:00:11]} 47. Rxc5
{[%clk 0:00:12]} Rbd8 {[%clk 0:00:11]} 48. Ne3 {[%clk 0:00:08]} Rd3
{[%clk 0:00:10]} 49. Nd5 {[%clk 0:00:09]} Bc6 {[%clk 0:00:10]} 50. Rxa5
{[%clk 0:00:08]} Bxd5 {[%clk 0:00:11]} 51. exd5 {[%clk 0:00:09]} R8xd5
{[%clk 0:00:12]} 52. Ra7 {[%clk 0:00:10]} Rd1+ {[%clk 0:00:12]} 53. Rxd1
{[%clk 0:00:11]} Rxd1+ {[%clk 0:00:13]} 54. Kb2 {[%clk 0:00:12]} Rd3
{[%clk 0:00:14]} 55. Rb7 {[%clk 0:00:12]} Rh3 {[%clk 0:00:15]} 56. Kc2
{[%clk 0:00:11]} Nc6 {[%clk 0:00:16]} 57. Rb6 {[%clk 0:00:11]} Nd4+
{[%clk 0:00:17]} 58. Kb2 {[%clk 0:00:13]} Rh2+ {[%clk 0:00:16]} 59. Kb1
{[%clk 0:00:14]} b3 {[%clk 0:00:16]} 60. axb3 {[%clk 0:00:14]} Rxh5
{[%clk 0:00:17]} 61. b4 {[%clk 0:00:14]} Rb5 {[%clk 0:00:18]} 0-1

[Event "blitmenteam"]
[Site "?"]
[Date "2016.10.07"]
[Round "4.8"]
[White "Motylev, Alexander"]
[Black "Sharafiev, Azat"]
[Result "1-0"]
[LiveChessVersion "1.4.4"]
[BlackElo "2482"]
[WhiteElo "2613"]

1. e4 {[%clk 0:03:03]} d6 {[%clk 0:03:03]} 2. d4 {[%clk 0:03:03]} g6
{[%clk 0:03:04]} 3. Nc3 Bg7 {[%clk 0:03:05]} 4. Bg5 {[%clk 0:03:05]} c6
{[%clk 0:03:05]} 5. Qd2 {[%clk 0:03:05]} Nd7 {[%clk 0:03:03]} 6. f4
{[%clk 0:03:06]} b5 {[%clk 0:03:00]} 7. Nf3 {[%clk 0:03:07]} Bb7 {[%clk 0:02:58]}
8. Bd3 {[%clk 0:03:05]} Qc7 {[%clk 0:02:56]} 9. O-O {[%clk 0:03:00]} e6
{[%clk 0:02:55]} 10. e5 {[%clk 0:02:49]} d5 {[%clk 0:02:50]} 11. a4
{[%clk 0:02:47]} b4 {[%clk 0:02:48]} 12. Ne2 {[%clk 0:02:48]} a5 {[%clk 0:02:40]}
13. c3 {[%clk 0:02:49]} bxc3 {[%clk 0:02:30]} 14. bxc3 {[%clk 0:02:43]} Ba6
{[%clk 0:02:22]} 15. Bxa6 {[%clk 0:02:37]} Rxa6 {[%clk 0:02:23]} 16. g4
{[%clk 0:02:24]} h6 {[%clk 0:02:10]} 17. Bh4 {[%clk 0:02:24]} h5 {[%clk 0:02:11]}
18. f5 {[%clk 0:01:45]} hxg4 {[%clk 0:01:20]} 19. fxe6 {[%clk 0:01:45]} fxe6
{[%clk 0:00:29]} 20. Qd3 {[%clk 0:01:43]} Nb8 {[%clk 0:00:24]} 21. Ng5
{[%clk 0:01:36]} Rh6 {[%clk 0:00:19]} 22. Nxe6 {[%clk 0:01:22]} Qd7
{[%clk 0:00:10]} 23. Nc5 {[%clk 0:01:16]} Qa7 {[%clk 0:00:04]} 24. Bg5
{[%clk 0:01:13]} 1-0